Management information systems: planning and decision making

Saved in:
Bibliografiske detaljer
Main Authors: Koory, Jerry L (Author), Medley, Don B (Author)
Format: Bog
Sprog:engelsk
Udgivet: Cincinnati South-Western Pub 1987
Fag:
Tags: Tilføj Tag
Ingen Tags, Vær først til at tagge denne postø!

MARC

LEADER 00000nam a2200000 a 4500
001 UCW2827
003 CL-VaPUC
008 920910e19870000US |||||||||||||||||eng|d
082 0 4 |a 658.403  |b KOO  |2 21 
100 0 |a Koory, Jerry L  |e author  |9 307146 
700 0 |a Medley, Don B  |e author  |9 307147 
245 1 0 |a Management information systems: planning and decision making 
300 |a 350 p 
942 |c BK 
945 |d 19920910 00:00:00 
260 |a Cincinnati  |b South-Western Pub  |c 1987 
650 0 |a Administración de sistemas de información   |9 262380 
583 |a last modification  |c 19920910 00:00:00  |k Rodrigo Vera 
999 |c 217261  |d 217259 
952 |0 0  |1 0  |4 0  |6 658_403000000000000_KOO_1987  |7 0  |8 A  |9 204399  |a BIBGIM  |b BIBGIM  |d 2019-11-15  |i 2715767  |o 658.403 KOO 1987  |p 2715767  |r 2025-01-15  |w 2019-11-15  |y BK  |k COM 
952 |0 0  |1 0  |4 0  |6 658_403000000000000_KOO_1987  |7 0  |8 A  |9 204400  |a BIBENE  |b BIBENE  |d 2019-11-15  |i 2715775  |o 658.403 KOO 1987  |p 2715775  |r 2025-01-15  |w 2019-11-15  |y BK  |k ICO